The genesis of the Copernican world /

Bibliographic Details
Main Author: Blumenberg, Hans
Format: Book
Language:English
Published: Cambridge, Mass. : MIT Press, [1987]
Series:Studies in contemporary German social thought.
Subjects:

MARC

Tag First Indicator Second Indicator Subfields
LEADER 00000cam a2200000 a 4500
001 in00000011557
005 20151007052106.0
008 861119s1987 mau b 00110 eng
010 |a  86027445  
020 |a 0262022672 
035 |a (OCoLC)14932461 
035 |9 AAA6243AM 
040 |a DLC  |c DLC  |d TXA  |d UtOrBLW 
041 1 |a eng  |h ger 
043 |a ew----- 
049 |a TXAM  |c [A11046595] 
050 0 0 |a QB28  |b .B5813 1987 
082 0 |a 113/.09/031  |2 19 
100 1 |a Blumenberg, Hans. 
240 1 0 |a Genesis der kopernikanischen Welt.  |l English 
245 1 4 |a The genesis of the Copernican world /  |c Hans Blumenberg ; translated by Robert M. Wallace. 
264 1 |a Cambridge, Mass. :  |b MIT Press,  |c [1987] 
264 4 |c ©1987 
300 |a xlviii, 772 pages ;  |c 24 cm. 
336 |a text  |b txt  |2 rdacontent 
337 |a unmediated  |b n  |2 rdamedia 
338 |a volume  |b nc  |2 rdacarrier 
490 1 |a Studies in contemporary German social thought 
500 |a Translation of: Die Genesis der kopernikanischen Welt. 
504 |a Includes bibliographies and index. 
650 0 |a Astronomy  |x History. 
651 0 |a Europe  |x History  |y 1492- 
600 1 0 |a Copernicus, Nicolaus,  |d 1473-1543. 
830 0 |a Studies in contemporary German social thought. 
999 |a MARS 
999 f f |s 4da1618b-132e-3000-8dda-1a942219df3d  |i e3d6da4c-4755-3d80-a394-376aba9c9095  |t 0 
952 f f |p ric  |a Texas A&M University  |b Rellis Campus  |c Joint Library Facility  |d Remote Storage  |t 0  |e QB28 .B5813 1987  |h Library of Congress classification  |i unmediated -- volume  |m A14811046595 
998 f f |a QB28 .B5813 1987  |t 0  |l Remote Storage